|
|
|
|
| LEADER |
01187nam a2200265 u 4500 |
| 001 |
10049591 |
| 003 |
upatras |
| 005 |
20250215063357.0 |
| 008 |
040219s1989 gr gre |
| 040 |
|
|
|a GR-PaULI
|c GR-PaULI
|
| 041 |
0 |
|
|a gre
|
| 082 |
0 |
4 |
|a 729.4
|
| 100 |
1 |
|
|a Τόσκα, Θεανώ-Φάννυ
|9 41197
|
| 245 |
1 |
0 |
|a Αρχιτεκτονικό χρώμα
|b θεωρία και σχεδιασμός
|c Θεανώ-Φάννυ Τόσκα
|
| 260 |
|
|
|a Θεσσαλονίκη
|b Εκδόσεις Αδελφών Κυριακίδη
|c 1989
|
| 300 |
|
|
|a 194 σ.
|b εικ.
|c 24 εκ.
|
| 504 |
|
|
|a Περιλαμβανει βιβλιογραφία
|
| 650 |
|
4 |
|a Χρώμα στην αρχιτεκτονική
|9 32827
|
| 650 |
|
0 |
|a Αρχιτεκτονική
|x Σχέδια
|9 6170
|
| 650 |
|
4 |
|a Φωτισμός
|x
|9 2343
|
| 852 |
|
|
|a GR-PaULI
|b ΠΑΤΡΑ
|b ΑΡΧΙΤΕΚΤΟΝΙΚΗ
|k ΑΣΧΕ-2
|h 729.4 ΤΟΣ
|m 003405
|p 025000118598
|t 1
|
| 942 |
|
|
|2 ddc
|c BK15
|
| 952 |
|
|
|0 0
|1 0
|4 0
|6 729_400000000000000_ΤΟΣ
|7 0
|9 41084
|a ARCH
|b ARCH
|d 2016-04-24
|i 003405
|l 3
|m 1
|o 729.4 ΤΟΣ
|p 025000118598
|r 2022-05-12 00:00:00
|s 2022-04-01
|t 1
|w 2016-04-24
|y BK15
|
| 998 |
|
|
|c Λοτσάρη
|d 2004-02
|
| 999 |
|
|
|c 26380
|d 26380
|